000 00424nam a2200169Ia 4500
003 GCL
008 140319s9999 xx 000 0 eng d
040 _aGCL /
_cGCL
082 0 4 _a759
_bG M
100 1 _aGIMFERRAR, PERE
245 1 0 _aMAGRITTE /
_cGIMFERRAR, PERE
260 _a[S.N] :
_bACADEMY EDITIONS ،
_c1987
300 _a128 P
650 0 4 _aPAINTERS AND PAINTINGS
650 0 4 _aSURREALISTS ART
942 _2ddc
_cBK
999 _c11333
_d11333